01297 2200553 4500001002100000008004100021035002000062245003800082100002300120250000600143260003000149300002600179020002200205084001700227082001100244650000800255990001500263990001500278990001500293990001500308990001500323990001500338990001500353990001500368990001500383990001500398990001500413990001500428990001500443990001500458990001500473990001500488990001500503990001500518990001500533990001500548990001500563990001500578990001500593990001500608990001500623990001500638990001500653990001500668990001500683990001500698990001500713990001500728INLIS000000000003382 ind  a0010-0526000005 aX-Press TKA GeograficAjib Setiyo aAryani, Wahyu Deni a1 aJakarta :bErlanggac2025 a180 hlmc21 x 25.5 cm a978-623-522-798-6 a910.01 WAH x a910.01 aTKA a20036/B/26 a20037/B/26 a20038/B/26 a20039/B/26 a20040/B/26 a20041/B/26 a20042/B/26 a20043/B/26 a20044/B/26 a20045/B/26 a20046/B/26 a20047/B/26 a20048/B/26 a20049/B/26 a20050/B/26 a20051/B/26 a20052/B/26 a20053/B/26 a20054/B/26 a20055/B/26 a20056/B/26 a20057/B/26 a20058/B/26 a20059/B/26 a20060/B/26 a20061/B/26 a20062/B/26 a20063/B/26 a20064/B/26 a20065/B/26 a20066/B/26 a20067/B/26